Joueurs qui ont gagné l'Indian Wells (2010-2025) - Statistiques

Statistiques générales
  • Ce quiz a été pris 34 fois
  • Le résultat moyen est 3 sur 8
Answers on the Grid
Answers color-coded by a green-red scale on the quiz's grid according to % correct below.
Ivan Ljubičić
Roger Federer
Jo-Wilfried Tsonga
Juan Martín del Potro
Novak Djokovic
Andy Murray
Dominic Thiem
Stanislas Wawrinka
John Isner
Taylor Fritz
Grigor Dimitrov
Thomas Berdych
Carlos Alcaraz
Daniil Medvedev
Jack Draper
Jannik Sinner
Karen Khachanov
Robin Söderling
Andrey Rublev
Richard Gasquet
Casper Ruud
Milos Raonic
Jakub Menšík
 
Statistiques - réponses
Réponse % Correct
Roger Federer
92%
Novak Djokovic
64%
Carlos Alcaraz
36%
Juan Martín del Potro
20%
Jack Draper
16%
Dominic Thiem
12%
Ivan Ljubičić
12%
Taylor Fritz
12%
Aucun quiz correspondant
Distribution des résultats
% des personnes avec chaque résultat
Percentile par nombre de réponses
Votre historique - résultats
Vous n’avez pas pris ce quiz